[Event "ITA-ch U20"]
[Site "Bratto"]
[Date "2006.08.24"]
[Round "6"]
[White "Sala, Giovanni"]
[Black "Marazzi, Dominic"]
[Result "1-0"]
[WhiteElo "1968"]
[BlackElo "1679"]
[PlyCount "101"]
[EventDate "2006.08.19"]
[EventType "swiss"]
[EventRounds "9"]
[EventCountry "ITA"]
[SourceTitle "CBM 113 Extra"]
[Source "ChessBase"]
[SourceDate "2006.09.14"]
[SourceVersion "1"]
[SourceVersionDate "2006.09.14"]
[SourceQuality "1"]

1. e4 c5 2. Nf3 Nc6 3. d4 cxd4 4. Nxd4 Nf6 5. Nc3 Qc7 6. Be2 e6 7. Be3 a6 8. 0-0 Be7 9. f4 d6 10. Nb3 b5 11. a3 Bb7 12. Bf3 Rc8 13. Qd2 Nd7 14. Qf2 0-0 15. Rfd1 Na5 16. Nd2 Bf6 17. Bd4 Bxd4 18. Qxd4 Qb6 19. Qf2 Rfd8 20. Rac1 Qxf2+ 21. Kxf2 Nb6 22. Be2 Nac4 23. Nxc4 Nxc4 24. Bxc4 Rxc4 25. Ke3 Kf8 26. e5 d5 27. Rd4 Rxd4 28. Kxd4 Ke7 29. Ne2 f6 30. c3 fxe5+ 31. fxe5 Rf8 32. Kc5 Rf2 33. Rc2 Rxg2 34. Kb6 Bc8 35. Nd4 Rxc2 36. Nxc2 g5 37. Kc7 Bd7 38. Kb6 Kf7 39. Kc7 Be8 40. Kd6 h5 41. Nd4 g4 42. Nxe6 h4 43. Nf4 Kg7 44. Kxd5 g3 45. hxg3 hxg3 46. Ke6 Bc6 47. Nh5+ Kf8 48. Nxg3 Ke8 49. Kd6 Bf3 50. Nf5 a5 51. Nd4 1-0

[Event "ITA-ch U20"]
[Site "Bratto"]
[Date "2006.08.20"]
[Round "2"]
[White "Marazzi, Dominic"]
[Black "Bonafede, Alessandro"]
[Result "0-1"]
[WhiteElo "1679"]
[BlackElo "2175"]
[PlyCount "102"]
[EventDate "2006.08.19"]
[EventType "swiss"]
[EventRounds "9"]
[EventCountry "ITA"]
[SourceTitle "CBM 113 Extra"]
[Source "ChessBase"]
[SourceDate "2006.09.14"]
[SourceVersion "1"]
[SourceVersionDate "2006.09.14"]
[SourceQuality "1"]

1. Nf3 d6 2. d4 Nf6 3. c4 g6 4. Nc3 Bg7 5. e4 0-0 6. h3 e5 7. Be3 exd4 8. Nxd4 Re8 9. f3 Nh5 10. g4 Ng3 11. Rg1 Nxf1 12. Kxf1 Nd7 13. Qd2 Ne5 14. Qe2 c5 15. Nb3 Be6 16. Nd2 Nc6 17. Kg2 Nd4 18. Qd3 a6 19. Nb3 Nc6 20. Rad1 Ne5 21. Qxd6 Qxd6 22. Rxd6 Nxc4 23. Bxc5 Nxd6 24. Bxd6 Rad8 25. Rd1 Bxb3 26. axb3 Bxc3 27. bxc3 Re6 28. e5 f6 29. f4 fxe5 30. fxe5 Rxe5 31. Bxe5 Rxd1 32. h4 Rd3 33. b4 Kf7 34. Bd4 Ke6 35. h5 gxh5 36. gxh5 Kf5 37. h6 Kg6 38. Bg7 Rd7 39. Bf8 Rf7 40. Bc5 Kxh6 41. Kg3 Kg5 42. Be3+ Kf5 43. c4 Ke4 44. Bc1 Kd3 45. b5 Kxc4 46. bxa6 bxa6 47. Ba3 a5 48. Kg4 a4 49. Bd6 Kb3 50. Bc5 a3 51. Kh5 Rf5+ 0-1